[Event "4NCL"]
[Site "Barcelo Hotel, Daventry, ENG"]
[Date "2010.11.06"]
[Round "1.11"]
[White "Tiviakov, Sergei"]
[Black "Hawkins, Jonathan"]
[Result "1/2-1/2"]
[WhiteElo "2637"]
[BlackElo "2429"]
[PlyCount "114"]
[EventDate "2010.??.??"]
[WhiteTeam "Pride & Prejudice"]
[BlackTeam "Cheddleton 1"]

1. e4 e5 2. Nf3 Nc6 3. Bc4 Nf6 4. d3 Bc5 5. c3 a6 6. Bb3 Ba7 7. h3 d6 8. Nbd2
O-O 9. Nf1 d5 10. Qe2 dxe4 11. dxe4 Qe7 12. Ne3 Bxe3 13. Qxe3 Be6 14. Bc2 Ne8
15. O-O Nd6 16. Re1 f6 17. b3 a5 18. Qe2 a4 19. Be3 Qf7 20. Nd2 Rfd8 21. f3 b6
22. f4 exf4 23. Bxf4 Ne5 24. Rf1 Qe7 25. bxa4 Bd7 26. Qd1 Ndf7 27. Bb3 Bc6 28.
Bxe5 Qxe5 29. Nf3 Qc5+ 30. Nd4 Qxc3 31. Bxf7+ Kxf7 32. Qh5+ Kg8 33. Nxc6 Qxc6
34. Rac1 Qd6 35. e5 Qd4+ 36. Kh1 g6 37. Qe2 Qxe5 38. Qxe5 fxe5 39. Rxc7 Rf8 40.
Rxf8+ Rxf8 41. Re7 Rf1+ 42. Kh2 Re1 43. a5 bxa5 44. Ra7 h5 45. Rxa5 h4 46. Ra7
e4 47. a4 Ra1 48. g4 Kf8 49. Kg2 Ra3 50. a5 Rg3+ 51. Kh2 e3 52. Rb7 e2 53. Rb1
Kf7 54. Re1 Re3 55. a6 Kf6 56. a7 Ra3 57. Rxe2 Rxa7 1/2-1/2

[Event "4NCL"]
[Site "Barcelo Hotel, Daventry, ENG"]
[Date "2010.11.06"]
[Round "1.11"]
[White "Arkell, Keith C"]
[Black "Hebden, Mark L"]
[Result "0-1"]
[WhiteElo "2439"]
[BlackElo "2556"]
[PlyCount "124"]
[EventDate "2010.??.??"]
[WhiteTeam "Cheddleton 1"]
[BlackTeam "Pride & Prejudice"]

1. d4 Nf6 2. Nf3 g6 3. c4 Bg7 4. g3 O-O 5. Bg2 d6 6. O-O c6 7. Nc3 Qa5 8. e4 e5
9. d5 cxd5 10. Nxd5 Nxd5 11. Qxd5 Qxd5 12. cxd5 Bd7 13. Be3 Na6 14. Rfc1 Rfc8
15. Rxc8+ Rxc8 16. Bxa7 Bh6 17. a3 Rc1+ 18. Rxc1 Bxc1 19. b3 Bxa3 20. Nd2 b5
21. Be3 Nc5 22. Nb1 Bb2 23. b4 Nd3 24. Bf1 Nxb4 25. Bd2 Na2 26. Bd3 b4 27. Bg5
Kf8 28. Nd2 Bc1 29. h4 f6 30. Be3 Nc3 31. Kf1 Nd1 32. Bh6+ Ke7 33. Ke1 Nc3 34.
f4 Ba4 35. fxe5 dxe5 36. Be3 b3 37. Bc5+ Kd7 38. Nb1 Nxb1 39. Bxb1 h5 40. Ke2
Bb5+ 41. Kf3 Bc4 42. Bf8 Ke8 43. Bc5 Bf1 44. Kf2 Bb5 45. Kf3 Bd2 46. Kf2 Bc3
47. Ke3 Kf7 48. Kf3 Bc4 49. Ba3 g5 50. hxg5 fxg5 51. Bc1 Kf6 52. Ba3 Be1 53.
Kg2 Be2 54. Bb2 g4 55. Ba3 Bf3+ 56. Kh2 Bf2 57. d6 Be2 58. d7 Bb6 59. Bc5 Bd8
60. Kg2 Ke6 61. Kf2 Bc4 62. Ke3 Bg5+ 0-1

[Event "4NCL"]
[Site "Barcelo Hotel, Daventry, ENG"]
[Date "2010.11.06"]
[Round "1.11"]
[White "Jones, Gawain CB"]
[Black "Gormally, Daniel W"]
[Result "1-0"]
[WhiteElo "2576"]
[BlackElo "2470"]
[PlyCount "57"]
[EventDate "2010.??.??"]
[WhiteTeam "Pride & Prejudice"]
[BlackTeam "Cheddleton 1"]

1. e4 Nc6 2. Nf3 d6 3. d4 Nf6 4. Nc3 Bg4 5. Bb5 a6 6. Bxc6+ bxc6 7. h3 Bh5 8.
Qe2 e6 9. Bg5 Be7 10. g4 Bg6 11. h4 h5 12. gxh5 Bxh5 13. O-O-O d5 14. e5 Nd7
15. Rdg1 Kf8 16. Qe3 g6 17. Ne2 c5 18. Nf4 Ke8 19. Nxh5 Rxh5 20. Bxe7 Qxe7 21.
Rg5 cxd4 22. Qxd4 Qc5 23. Qd2 Rxg5 24. hxg5 Rb8 25. Nd4 Rb6 26. Rh8+ Nf8 27. a3
Qe7 28. Nb3 Rc6 29. Kb1 1-0

[Event "4NCL"]
[Site "Barcelo Hotel, Daventry, ENG"]
[Date "2010.11.06"]
[Round "1.11"]
[White "Bellin, Robert"]
[Black "Flear, Glenn C"]
[Result "1/2-1/2"]
[WhiteElo "2365"]
[BlackElo "2494"]
[PlyCount "92"]
[EventDate "2010.??.??"]
[WhiteTeam "Cheddleton 1"]
[BlackTeam "Pride & Prejudice"]

1. c4 e6 2. Nf3 d5 3. e3 Nf6 4. b3 b6 5. Bb2 Bb7 6. Be2 Nbd7 7. O-O c5 8. cxd5
Nxd5 9. Nc3 N5f6 10. d4 a6 11. Rc1 Bd6 12. dxc5 Bxc5 13. e4 Nxe4 14. Nxe4 Bxe4
15. b4 Be7 16. Bxg7 Rg8 17. Bb2 Bf6 18. Qd2 Bxb2 19. Qxb2 Qf6 20. Qxf6 Nxf6 21.
g3 Nd5 22. Nd2 Nf4 23. Rfe1 Bd5 24. Bc4 b5 25. Bxd5 Nxd5 26. a3 Kd7 27. Nb3
Rgc8 28. f4 Rxc1 29. Rxc1 h5 30. Kf2 h4 31. Kf3 hxg3 32. hxg3 Rh8 33. Nc5+ Ke7
34. Ne4 Ra8 35. Rc5 Kd7 36. f5 Rh8 37. fxe6+ fxe6 38. Rc2 Rh1 39. Nc5+ Kd6 40.
Re2 e5 41. Rd2 Re1 42. Kf2 Ra1 43. Nb7+ Kc6 44. Nd8+ Kd6 45. Nb7+ Kc6 46. Nd8+
Kd6 1/2-1/2

[Event "4NCL"]
[Site "Barcelo Hotel, Daventry, ENG"]
[Date "2010.11.06"]
[Round "1.11"]
[White "Emms, John M"]
[Black "Eggleston, David J"]
[Result "1/2-1/2"]
[WhiteElo "2475"]
[BlackElo "2304"]
[PlyCount "85"]
[EventDate "2010.??.??"]
[WhiteTeam "Pride & Prejudice"]
[BlackTeam "Cheddleton 1"]

1. e4 c5 2. c3 e6 3. Nf3 d5 4. exd5 exd5 5. d4 Bd6 6. dxc5 Bxc5 7. Bb5+ Nc6 8.
O-O Nge7 9. Nbd2 O-O 10. Nb3 Bd6 11. Bd3 Bf5 12. Re1 Qd7 13. Be3 Rad8 14. Bc5
Rfe8 15. Bxd6 Qxd6 16. Bxf5 Nxf5 17. Qd3 g6 18. g3 Rxe1+ 19. Rxe1 a6 20. Kg2 h5
21. Nbd4 Nfxd4 22. Nxd4 Kg7 23. Nxc6 Qxc6 24. Qd4+ Kg8 25. Re7 b5 26. h3 Qd6
27. Re5 Qc6 28. b3 Rd6 29. a3 Rd8 30. a4 bxa4 31. bxa4 a5 32. h4 Qd7 33. Kh2
Qd6 34. Kg1 Qd7 35. Kg2 Qd6 36. Kg1 Qd7 37. Qc5 Qxa4 38. Qe7 Qd7 39. Qxd7 Rxd7
40. Re8+ Kg7 41. Ra8 Re7 42. Rxa5 Rc7 43. Rxd5 1/2-1/2

[Event "4NCL"]
[Site "Barcelo Hotel, Daventry, ENG"]
[Date "2010.11.06"]
[Round "1.11"]
[White "Wallace, Paul A"]
[Black "Ward, Chris G"]
[Result "1/2-1/2"]
[WhiteElo "2231"]
[BlackElo "2449"]
[PlyCount "105"]
[EventDate "2010.??.??"]
[WhiteTeam "Cheddleton 1"]
[BlackTeam "Pride & Prejudice"]

1. e4 c5 2. Nf3 d6 3. d4 cxd4 4. Nxd4 Nf6 5. Nc3 g6 6. Be3 Bg7 7. f3 Nc6 8. Qd2
O-O 9. O-O-O d5 10. exd5 Nxd5 11. Nxc6 bxc6 12. Bd4 Bxd4 13. Qxd4 Qb6 14. Nxd5
cxd5 15. Qxb6 axb6 16. a3 Rd8 17. Bb5 e6 18. f4 h5 19. Rd4 Kg7 20. Re1 Bd7 21.
Bxd7 Rxd7 22. Rb4 Rd6 23. Re3 Rc8 24. Reb3 Rcc6 25. Kd2 Kf6 26. Re3 Rc5 27.
Reb3 Rcc6 28. Re3 Ke7 29. a4 Rd7 30. Reb3 Rdc7 31. c3 Ra7 32. Rxb6 Rxb6 33.
Rxb6 Rxa4 34. Rb7+ Kf6 35. Ke3 Ra1 36. h4 Rf1 37. g3 Re1+ 38. Kf2 Rc1 39. Kf3
Rc2 40. Ke3 Rc1 41. Kf3 Kg7 42. Ke3 Rg1 43. Kf2 Rb1 44. Ke3 Kf6 45. Kf3 Re1 46.
Kf2 Ra1 47. Ke3 Ra4 48. Kf3 Ra8 49. Ke3 Rf8 50. Rb5 Rc8 51. Rb7 Rf8 52. Rb5 Rc8
53. Rb7 1/2-1/2

[Event "4NCL"]
[Site "Barcelo Hotel, Daventry, ENG"]
[Date "2010.11.06"]
[Round "1.11"]
[White "Summerscale, Aaron P"]
[Black "Van Weersel, Arlette"]
[Result "1-0"]
[WhiteElo "2419"]
[BlackElo "2174"]
[PlyCount "85"]
[EventDate "2010.??.??"]
[WhiteTeam "Pride & Prejudice"]
[BlackTeam "Cheddleton 1"]

1. d4 Nf6 2. c4 g6 3. Nc3 d5 4. Nf3 Bg7 5. Bf4 c6 6. e3 O-O 7. Rc1 dxc4 8. Bxc4
Nbd7 9. Be2 Qa5 10. O-O Rd8 11. Nd2 Re8 12. e4 Nf8 13. Nc4 Qd8 14. d5 Nxe4 15.
Nxe4 cxd5 16. Bc7 Qd7 17. Ncd6 exd6 18. Nxd6 Re6 19. Bb5 Qe7 20. Qxd5 Bxb2 21.
Rc2 Be5 22. Rd1 a6 23. Bf1 h6 24. Nxc8 Rxc8 25. Bd8 Rxd8 26. Qxd8 Qb4 27. Rc8
Bf6 28. Qd2 Qh4 29. g3 Qh5 30. Bc4 Re5 31. Qd6 Be7 32. Qxe5 Qxe5 33. Kf1 Kg7
34. Re1 Qd6 35. Bb3 Nd7 36. Rd1 Qa3 37. Rxd7 Kf6 38. Rcc7 Bc5 39. Rxf7+ Ke5 40.
Rcd7 Qc1+ 41. Kg2 b6 42. Rd5+ Ke4 43. Rf6 1-0

[Event "4NCL"]
[Site "Barcelo Hotel, Daventry, ENG"]
[Date "2010.11.06"]
[Round "1.11"]
[White "McKenna, Jason P"]
[Black "Sahl, Sheila"]
[Result "0-1"]
[WhiteElo "2082"]
[BlackElo "2175"]
[PlyCount "79"]
[EventDate "2010.??.??"]
[WhiteTeam "Cheddleton 1"]
[BlackTeam "Pride & Prejudice"]

1. e4 c5 2. Nf3 d6 3. d4 cxd4 4. Nxd4 Nf6 5. Nc3 a6 6. g3 e5 7. Nde2 Be7 8. Bg2
Nbd7 9. O-O b5 10. h3 Nb6 11. b3 b4 12. Nd5 Nfxd5 13. exd5 Bb7 14. Be3 O-O 15.
Qd2 Rb8 16. a3 bxa3 17. Rxa3 Qc7 18. c4 Nd7 19. b4 Ba8 20. Rxa6 Qxc4 21. Ra7
Bb7 22. Rc1 Qb3 23. Rc7 Bc8 24. Rxd7 Bxd7 25. Rxd7 Rfe8 26. Qc3 Qd1+ 27. Bf1
Qxd5 28. Qc7 Qe6 29. b5 Rxb5 30. Nd4 exd4 31. Bxb5 dxe3 32. fxe3 Qxe3+ 33. Kg2
Qd2+ 34. Kg1 Qd4+ 35. Kg2 Qd5+ 36. Kg1 Bg5 37. Qc6 Re1+ 38. Kf2 Qd2+ 39. Kf3
Qe3+ 40. Kg4 0-1

[Event "4NCL"]
[Site "Barcelo Hotel, Daventry, ENG"]
[Date "2010.11.06"]
[Round "1.12"]
[White "Birtwistle, Nigel"]
[Black "Mestel, A Jonathan"]
[Result "0-1"]
[WhiteElo "2229"]
[BlackElo "2484"]
[PlyCount "56"]
[EventDate "2010.??.??"]
[WhiteTeam "Pandora's Box Grantham"]
[BlackTeam "The AD's"]

1. d4 g6 2. c4 d6 3. Nc3 Bg7 4. e4 Nf6 5. Nf3 O-O 6. h3 Nbd7 7. Be3 e5 8. d5
Nc5 9. Nd2 a5 10. Be2 Ne8 11. O-O f5 12. exf5 gxf5 13. f4 e4 14. Qc2 Qh4 15. a3
a4 16. Nb5 Bd7 17. Nd4 Qg3 18. Bf2 Qxf4 19. Nxf5 Bxf5 20. Bxc5 Qg5 21. Rxf5
Qxf5 22. Be3 Nf6 23. Rf1 Qe5 24. Nb1 Nh5 25. Rxf8+ Rxf8 26. Bxh5 Qxh5 27. Nc3
Qf5 28. Qe2 c6 0-1

[Event "4NCL"]
[Site "Barcelo Hotel, Daventry, ENG"]
[Date "2010.11.06"]
[Round "1.12"]
[White "Richardson, John R"]
[Black "Tate, Alan"]
[Result "1-0"]
[WhiteElo "2307"]
[BlackElo "2234"]
[PlyCount "85"]
[EventDate "2010.??.??"]
[WhiteTeam "The AD's"]
[BlackTeam "Pandora's Box Grantham"]

1. d4 Nf6 2. c4 c5 3. d5 b5 4. cxb5 a6 5. b6 d6 6. Nc3 Nbd7 7. a4 Qxb6 8. a5
Qb4 9. Ra4 Qb7 10. e4 g6 11. f4 Bg7 12. Nf3 O-O 13. Be2 Ne8 14. O-O Nc7 15. e5
dxe5 16. fxe5 Nxe5 17. Re4 Nxf3+ 18. Bxf3 Nb5 19. Nxb5 Qxb5 20. Rxe7 Bf5 21. b3
c4 22. d6 cxb3 23. Bxa8 Rxa8 24. d7 Qc5+ 25. Re3 Rd8 26. Kh1 Be6 27. Qe2 Qc6
28. Bb2 Bxb2 29. Qxb2 Qxd7 30. Qf6 Qd4 31. Rxe6 fxe6 32. Qxe6+ Kh8 33. Qxb3 Qd6
34. Qf7 Qd5 35. Qf6+ Kg8 36. Qxa6 Rf8 37. Rxf8+ Kxf8 38. Qf1+ Kg7 39. Qa1+ Kh6
40. a6 Qa8 41. a7 Kh5 42. h3 g5 43. Qd1+ 1-0

[Event "4NCL"]
[Site "Barcelo Hotel, Daventry, ENG"]
[Date "2010.11.06"]
[Round "1.12"]
[White "Burrows, Martin P"]
[Black "Snape, Ian L"]
[Result "1/2-1/2"]
[WhiteElo "2172"]
[BlackElo "2225"]
[PlyCount "115"]
[EventDate "2010.??.??"]
[WhiteTeam "Pandora's Box Grantham"]
[BlackTeam "The AD's"]

1. e4 c5 2. Nf3 d6 3. d4 cxd4 4. Nxd4 Nf6 5. Nc3 g6 6. Bc4 Bg7 7. h3 O-O 8. Be3
Nc6 9. Bb3 Na5 10. O-O b6 11. Qd3 Bb7 12. Rfe1 Rc8 13. Bg5 Nxb3 14. axb3 a6 15.
Nd5 e6 16. Nxf6+ Bxf6 17. Bxf6 Qxf6 18. c3 Rfd8 19. Qg3 Rc5 20. Rad1 Re5 21.
Qd3 Qf4 22. f3 Rh5 23. Ne2 Qg5 24. Kh2 e5 25. Qd2 Qh4 26. Qe3 Bc8 27. Ng1 Rg5
28. Re2 b5 29. Qf2 Qxf2 30. Rxf2 f5 31. Rfd2 Bb7 32. exf5 d5 33. fxg6 Rxg6 34.
Ne2 Kf7 35. b4 Rdg8 36. Nc1 h5 37. Nd3 Re8 38. Nc5 Ba8 39. Re1 e4 40. fxe4 dxe4
41. Re3 Re5 42. Rd7+ Ke8 43. Ra7 Bd5 44. Rxa6 Rg7 45. Rf6 Rf7 46. Rxf7 Kxf7 47.
h4 Kg6 48. Kg3 Kf5 49. Kf2 Kg4 50. g3 Rf5+ 51. Kg2 Rf3 52. Rxf3 e3 53. c4 Bxf3+
54. Kf1 Bc6 55. Ke2 Kxg3 56. cxb5 Bxb5+ 57. Kxe3 Kxh4 58. Kf2 1/2-1/2

[Event "4NCL"]
[Site "Barcelo Hotel, Daventry, ENG"]
[Date "2010.11.06"]
[Round "1.12"]
[White "Wheeler, Darren P"]
[Black "Cumbers, Paul"]
[Result "1/2-1/2"]
[WhiteElo "2236"]
[BlackElo "2214"]
[PlyCount "93"]
[EventDate "2010.??.??"]
[WhiteTeam "The AD's"]
[BlackTeam "Pandora's Box Grantham"]

1. e4 e6 2. d4 d5 3. Nc3 Nf6 4. Bg5 Bb4 5. e5 h6 6. Bd2 Bxc3 7. bxc3 Ne4 8. Qg4
Kf8 9. Bd3 Nxd2 10. Kxd2 c5 11. Nf3 c4 12. Be2 Nc6 13. h4 Bd7 14. Qf4 Qe7 15.
a4 Ke8 16. h5 Kd8 17. Nh4 Kc7 18. Qe3 Rag8 19. f4 g6 20. hxg6 fxg6 21. Nf3 Na5
22. Nh2 g5 23. fxg5 Qxg5 24. Qxg5 Rxg5 25. g4 Rgg8 26. Nf1 Nc6 27. Ng3 Nd8 28.
Raf1 Bxa4 29. Rf6 Be8 30. Rfxh6 Rxh6 31. Rxh6 a5 32. Rh7+ Kc6 33. Re7 a4 34.
Kc1 Rh8 35. Kb2 Bg6 36. Nh5 Rh7 37. Rxh7 Bxh7 38. Nf4 Kd7 39. g5 Bf5 40. Bh5
Ke7 41. g6 Kf8 42. g7+ Kxg7 43. Be8 Kf8 44. Bxa4 Ke7 45. Ka3 Nf7 46. Kb4 Ng5
47. Ne2 1/2-1/2

[Event "4NCL"]
[Site "Barcelo Hotel, Daventry, ENG"]
[Date "2010.11.06"]
[Round "1.12"]
[White "McCarthy, Kevin C"]
[Black "Anderton, David W"]
[Result "1/2-1/2"]
[WhiteElo "2018"]
[BlackElo "2208"]
[PlyCount "62"]
[EventDate "2010.??.??"]
[WhiteTeam "Pandora's Box Grantham"]
[BlackTeam "The AD's"]

1. c4 f5 2. g3 Nf6 3. Bg2 g6 4. Nc3 Bg7 5. d3 d6 6. e4 Nc6 7. Nge2 e5 8. O-O
O-O 9. exf5 Bxf5 10. h3 Qd7 11. g4 Be6 12. Ng3 Rab8 13. Be3 a6 14. Rc1 h6 15.
a3 d5 16. cxd5 Nxd5 17. Nxd5 Bxd5 18. Ne4 Nd4 19. Bxd4 exd4 20. Nc5 Qf7 21.
Bxd5 Qxd5 22. Qb3 Qxb3 23. Nxb3 Rf3 24. Rxc7 Rxd3 25. Nc5 Rxh3 26. Rd1 Be5 27.
Rxb7 Rxb7 28. Nxb7 Rb3 29. Na5 Rxb2 30. Nc4 Rb5 31. Nxe5 Rxe5 1/2-1/2

[Event "4NCL"]
[Site "Barcelo Hotel, Daventry, ENG"]
[Date "2010.11.06"]
[Round "1.12"]
[White "Wells, Daniel J"]
[Black "Bellin, Jana"]
[Result "1/2-1/2"]
[WhiteElo "1997"]
[BlackElo "2137"]
[PlyCount "67"]
[EventDate "2010.??.??"]
[WhiteTeam "Pandora's Box Grantham"]
[BlackTeam "The AD's"]

1. e4 c5 2. Nc3 e6 3. Nf3 a6 4. d4 cxd4 5. Nxd4 Qc7 6. Bd3 Nf6 7. Qe2 d6 8. Bg5
Be7 9. f4 h6 10. Bh4 Nxe4 11. Bxe4 Bxh4+ 12. g3 Bf6 13. O-O-O O-O 14. g4 d5 15.
h4 Qxf4+ 16. Kb1 dxe4 17. g5 Bxd4 18. Rxd4 Qf3 19. Qe1 Nc6 20. Rxe4 f5 21. Re3
Qh5 22. gxh6 Qxh6 23. Rg3 Rf7 24. Rhg1 Bd7 25. Rg6 Qh7 26. Qd2 Qxh4 27. Rh6 Qd4
28. Qh2 Kf8 29. Rh8+ Ke7 30. Rxa8 Qe5 31. Qd2 Qd4 32. Qh2 Qe5 33. Qd2 Qd4 34.
Qh2 1/2-1/2

[Event "4NCL"]
[Site "Barcelo Hotel, Daventry, ENG"]
[Date "2010.11.06"]
[Round "1.12"]
[White "Bellin, Christopher J"]
[Black "Martin, Katie A"]
[Result "1-0"]
[WhiteElo "2045"]
[BlackElo "1901"]
[PlyCount "67"]
[EventDate "2010.??.??"]
[WhiteTeam "The AD's"]
[BlackTeam "Pandora's Box Grantham"]

1. e4 e5 2. Nf3 Nc6 3. Bc4 Nf6 4. d3 Bc5 5. Nc3 h6 6. Be3 Bxe3 7. fxe3 d6 8. d4
Bg4 9. Qd2 Nd7 10. Rf1 O-O 11. O-O-O Nb6 12. Be2 exd4 13. exd4 d5 14. Qf4 dxe4
15. Nxe4 Bxf3 16. Bxf3 Nd5 17. Qd2 f5 18. Nc5 Re8 19. Bh5 Ne3 20. Bxe8 Nxf1 21.
Rxf1 Qxe8 22. Rxf5 Qg6 23. Rf1 Rd8 24. c3 b6 25. Nd3 Qe6 26. b3 Qd6 27. Qf2 Rf8
28. Qe2 Qa3+ 29. Kb1 Rxf1+ 30. Qxf1 Qa5 31. Qe1 Qh5 32. Qe6+ Kh7 33. Qxc6 Qd1+
34. Nc1 1-0

[Event "4NCL"]
[Site "Barcelo Hotel, Daventry, ENG"]
[Date "2010.11.06"]
[Round "1.13"]
[White "Trent, Lawrence"]
[Black "Ansell, Simon T"]
[Result "1/2-1/2"]
[WhiteElo "2442"]
[BlackElo "2402"]
[PlyCount "45"]
[EventDate "2010.??.??"]
[WhiteTeam "Wood Green Hilsmark 2"]
[BlackTeam "Betsson.com"]

1. e4 c6 2. Nc3 d5 3. Nf3 dxe4 4. Nxe4 Nf6 5. Nxf6+ gxf6 6. g3 Bg4 7. Bg2 Nd7
8. d4 Qc7 9. O-O O-O-O 10. c3 e6 11. Qa4 Kb8 12. Bf4 Bd6 13. Bxd6 Qxd6 14. Nd2
h5 15. b4 Qc7 16. Qa5 e5 17. Qxc7+ Kxc7 18. Rfe1 h4 19. Nf3 h3 20. Bh1 Rh5 21.
Re3 a5 22. bxa5 Ra8 23. Nd2 1/2-1/2

[Event "4NCL"]
[Site "Barcelo Hotel, Daventry, ENG"]
[Date "2010.11.06"]
[Round "1.13"]
[White "Hunt, Adam C"]
[Black "McDonald, Neil"]
[Result "1/2-1/2"]
[WhiteElo "2437"]
[BlackElo "2449"]
[PlyCount "138"]
[EventDate "2010.??.??"]
[WhiteTeam "Betsson.com"]
[BlackTeam "Wood Green Hilsmark 2"]

1. e4 e6 2. d4 d5 3. Nc3 Nf6 4. e5 Nfd7 5. f4 c5 6. Nf3 Nc6 7. Be3 Be7 8. Qd2
O-O 9. Be2 a6 10. O-O b5 11. Nd1 cxd4 12. Nxd4 Nxd4 13. Bxd4 Bc5 14. c3 f6 15.
exf6 Bxd4+ 16. cxd4 Nxf6 17. Bf3 Qd6 18. Nf2 Bb7 19. Rfe1 Rac8 20. Re2 Rc4 21.
b3 Rc7 22. Rae1 Re8 23. Nd3 Rce7 24. Nc5 Bc8 25. g4 Nd7 26. Nd3 Nf8 27. h4 Ng6
28. h5 Nf8 29. g5 Qb6 30. Nc5 Qd6 31. Bg4 b4 32. Re5 a5 33. Qe2 g6 34. Qb5 Qc7
35. Qe2 Qd6 36. Qd3 Rf7 37. Qe3 Rfe7 38. Bf3 Kf7 39. hxg6+ hxg6 40. Bg4 Kg8 41.
Kg2 Rc7 42. Rh1 Ree7 43. Rh6 Rh7 44. Bxe6+ Bxe6 45. Rxe6 Nxe6 46. Rxg6+ Rcg7
47. Qxe6+ Qxe6 48. Rxe6 Rh4 49. Kg3 Rh1 50. Re8+ Kh7 51. Rd8 Rg1+ 52. Kf2 Ra1
53. Rxd5 Rxa2+ 54. Kf3 Rb2 55. Re5 Rb1 56. Re3 Rf1+ 57. Kg4 Rg1+ 58. Kf5 Rf7+
59. Ke5 Re7+ 60. Ne6 a4 61. f5 a3 62. g6+ Kg8 63. Re2 Ra7 64. Ra2 Ra5+ 65. d5
Rd1 66. Nf4 Re1+ 67. Kd4 Rf1 68. Ke5 Re1+ 69. Kd4 Rf1 1/2-1/2

[Event "4NCL"]
[Site "Barcelo Hotel, Daventry, ENG"]
[Date "2010.11.06"]
[Round "1.13"]
[White "Greet, Andrew N"]
[Black "Ledger, Andrew J"]
[Result "0-1"]
[WhiteElo "2451"]
[BlackElo "2430"]
[PlyCount "112"]
[EventDate "2010.??.??"]
[WhiteTeam "Wood Green Hilsmark 2"]
[BlackTeam "Betsson.com"]

1. c4 e5 2. g3 Nf6 3. Bg2 c6 4. d4 Bb4+ 5. Bd2 Bxd2+ 6. Qxd2 d6 7. Nc3 Qe7 8.
e3 O-O 9. Nge2 Re8 10. h3 Na6 11. g4 Nc7 12. O-O h6 13. Ng3 exd4 14. exd4 Bd7
15. Rae1 Qf8 16. f4 Rxe1 17. Rxe1 Re8 18. Bf3 b5 19. cxb5 cxb5 20. Rxe8 Qxe8
21. a3 Qe7 22. Nf1 Kf8 23. Kf2 Ng8 24. d5 Qh4+ 25. Kg2 h5 26. Qf2 Qxf2+ 27.
Kxf2 hxg4 28. hxg4 a5 29. Ne3 Ke7 30. b4 axb4 31. axb4 f6 32. Nc2 Nh6 33. Kg3
g5 34. f5 Nf7 35. Be2 Ne5 36. Kf2 Be8 37. Ke3 Bf7 38. Ke4 Be8 39. Nd4 Na6 40.
Nc2 Nc7 41. Na2 Nxd5 42. Kxd5 Bf7+ 43. Kd4 Bxa2 44. Ne3 Nc6+ 45. Kc3 d5 46.
Bxb5 d4+ 47. Kd3 Bb1+ 48. Ke2 Nxb4 49. Nf1 Kd6 50. Nd2 Ba2 51. Nf3 Kd5 52. Kd2
Ke4 53. Ne1 Kf4 54. Be2 Bd5 55. Bd1 Be4 56. Ke2 Kxg4 0-1

[Event "4NCL"]
[Site "Barcelo Hotel, Daventry, ENG"]
[Date "2010.11.06"]
[Round "1.13"]
[White "Bates, Richard A"]
[Black "Sowray, Peter J"]
[Result "1/2-1/2"]
[WhiteElo "2374"]
[BlackElo "2342"]
[PlyCount "44"]
[EventDate "2010.??.??"]
[WhiteTeam "Betsson.com"]
[BlackTeam "Wood Green Hilsmark 2"]

1. d4 Nf6 2. Nf3 g6 3. g3 Bg7 4. Bg2 d5 5. O-O c6 6. c4 dxc4 7. a4 O-O 8. Na3
Be6 9. Ng5 Bd5 10. e4 h6 11. exd5 hxg5 12. dxc6 Nxc6 13. Nxc4 Qxd4 14. Qb3 Qg4
15. Qxb7 Nd4 16. Ne3 Qe6 17. Nd5 Ne2+ 18. Kh1 Nxd5 19. Qxd5 Qxd5 20. Bxd5 Rad8
21. Bf3 Nxc1 22. Raxc1 Bxb2 1/2-1/2

[Event "4NCL"]
[Site "Barcelo Hotel, Daventry, ENG"]
[Date "2010.11.06"]
[Round "1.13"]
[White "Briscoe, Chris"]
[Black "Baker, Chris W"]
[Result "1/2-1/2"]
[WhiteElo "2252"]
[BlackElo "2290"]
[PlyCount "140"]
[EventDate "2010.??.??"]
[WhiteTeam "Wood Green Hilsmark 2"]
[BlackTeam "Betsson.com"]

1. d4 Nf6 2. c4 e6 3. g3 c5 4. d5 exd5 5. cxd5 d6 6. Nf3 b5 7. e4 a6 8. a4 Nxe4
9. axb5 Be7 10. Bg2 O-O 11. O-O Nd7 12. Re1 Ng5 13. Nxg5 Bxg5 14. Bxg5 Qxg5 15.
Nc3 Nb6 16. Qb3 Qd8 17. Bf1 axb5 18. Rxa8 Nxa8 19. Qxb5 Bf5 20. Qb7 Nc7 21. Ra1
Re8 22. Ra7 Re1 23. Kg2 Qd7 24. Qb8+ Re8 25. Qxc7 Bh3+ 26. Kh1 Qxc7 27. Rxc7
Re1 28. Ne2 Kf8 29. Ng1 Rxf1 30. f3 h5 31. Rc6 Ke7 32. Rc7+ Ke8 33. Rc6 Kd7 34.
Rb6 Rd1 35. Rb7+ Ke8 36. b4 Rb1 37. Rb6 cxb4 38. Rxd6 b3 39. Rb6 b2 40. Rxb2
Rxb2 41. Nxh3 Rd2 42. Nf4 g6 43. Kg1 Ke7 44. h4 Kd6 45. Kf1 Ke5 46. Ke1 Ra2 47.
Ne2 Ra3 48. Kf2 Kxd5 49. Nf4+ Ke5 50. Ne2 f6 51. Nf4 Kf5 52. Ke2 Ra5 53. Ke3
Ra2 54. Kd3 Ra8 55. Ke2 Rh8 56. Kf2 Ra8 57. Ke2 Ra4 58. Ke3 Rc4 59. Ng2 g5 60.
Kd3 Ra4 61. hxg5 fxg5 62. Ke2 h4 63. Ne3+ Ke5 64. Ng4+ Rxg4 65. fxg4 h3 66. Kf1
Ke4 67. Kf2 Kd3 68. Kg1 Ke2 69. Kh2 Kf2 70. Kxh3 Kg1 1/2-1/2

[Event "4NCL"]
[Site "Barcelo Hotel, Daventry, ENG"]
[Date "2010.11.06"]
[Round "1.13"]
[White "Webb, Laurence E"]
[Black "Lindner, Daniel"]
[Result "1-0"]
[WhiteElo "2324"]
[BlackElo "2237"]
[PlyCount "89"]
[EventDate "2010.??.??"]
[WhiteTeam "Betsson.com"]
[BlackTeam "Wood Green Hilsmark 2"]

1. e4 e5 2. Nf3 Nc6 3. d4 exd4 4. Bc4 Bc5 5. c3 Nf6 6. e5 d5 7. Bb5 Ne4 8. cxd4
Bb4+ 9. Bd2 Nxd2 10. Nbxd2 Bd7 11. Bxc6 Bxc6 12. O-O O-O 13. Re1 Bd7 14. Qb3 a5
15. a3 Bxd2 16. Nxd2 c6 17. Qc3 Qe7 18. b4 axb4 19. Qxb4 Qxb4 20. axb4 Rfe8 21.
f3 Kf8 22. Kf2 Ke7 23. Ke3 Rxa1 24. Rxa1 Kd8 25. Ra8+ Kc7 26. Rxe8 Bxe8 27. Nb1
Bd7 28. Nc3 Bf5 29. g4 Bc2 30. f4 f5 31. gxf5 Bxf5 32. Ne2 g6 33. Ng3 Bd7 34.
f5 gxf5 35. Kf4 Kb6 36. Nxf5 Kb5 37. Nd6+ Kxb4 38. Nxb7 Kc3 39. Ke3 Be8 40. e6
Bg6 41. e7 Bh5 42. Nc5 Bg6 43. Ne6 h6 44. Kf4 Kd3 45. Ke5 1-0

[Event "4NCL"]
[Site "Barcelo Hotel, Daventry, ENG"]
[Date "2010.11.06"]
[Round "1.13"]
[White "Lee, Graham D"]
[Black "Ledger, Dave J"]
[Result "0-1"]
[WhiteElo "2261"]
[BlackElo "2234"]
[PlyCount "58"]
[EventDate "2010.??.??"]
[WhiteTeam "Wood Green Hilsmark 2"]
[BlackTeam "Betsson.com"]

1. e4 e5 2. Nf3 Nc6 3. Bc4 Nf6 4. Ng5 d5 5. exd5 Na5 6. Bb5+ c6 7. dxc6 bxc6 8.
Be2 h6 9. Nf3 e4 10. Ne5 Bc5 11. c3 Bd6 12. f4 Qc7 13. d4 exd3 14. Qxd3 O-O 15.
O-O Re8 16. Bf3 Nd5 17. b4 Bxe5 18. fxe5 Qb6+ 19. Rf2 Rxe5 20. Bd2 Ba6 21. Qd4
Nc4 22. Na3 Qxd4 23. cxd4 Re6 24. Nxc4 Bxc4 25. a3 Rd8 26. Rc1 Nb6 27. a4 Rxd4
28. Bc3 Rd3 29. a5 Rxc3 0-1

[Event "4NCL"]
[Site "Barcelo Hotel, Daventry, ENG"]
[Date "2010.11.06"]
[Round "1.13"]
[White "Yurenok, Maria S"]
[Black "Hegarty, Sarah N"]
[Result "1/2-1/2"]
[WhiteElo "2071"]
[BlackElo "2084"]
[PlyCount "117"]
[EventDate "2010.??.??"]
[WhiteTeam "Betsson.com"]
[BlackTeam "Wood Green Hilsmark 2"]

1. d4 Nf6 2. c4 g6 3. Nc3 d5 4. Bf4 Bg7 5. e3 c6 6. Nf3 O-O 7. h3 Qa5 8. Qd2
dxc4 9. Bxc4 b5 10. Bd3 Ba6 11. Ne4 Qxd2+ 12. Nfxd2 Nd5 13. Bh2 Nb4 14. Bb1 Nd7
15. a3 Nd5 16. Bd3 c5 17. Nc3 Nxc3 18. bxc3 cxd4 19. cxd4 e5 20. Nf3 Rfe8 21.
Nxe5 Nxe5 22. Bxe5 Bxe5 23. dxe5 Rad8 24. Ke2 Rxe5 25. a4 Red5 26. Bxb5 Rd2+
27. Kf3 Bb7+ 28. Kg3 R8d5 29. h4 g5 30. Rac1 gxh4+ 31. Rxh4 Rg5+ 32. Rg4 Rxg4+
33. Kxg4 Rxf2 34. g3 Bf3+ 35. Kf4 Bg2+ 36. Ke5 Rf3 37. Kd4 Rxg3 38. Rc7 Rg4+
39. Kd3 Bf1+ 40. Kd2 Bxb5 41. axb5 Ra4 42. Rb7 h5 43. b6 axb6 44. Rxb6 Kg7 45.
Ke2 Rg4 46. Kf3 Rg6 47. Rb4 Kh6 48. Rf4 Rg7 49. Ra4 Rg1 50. Ra8 Rg7 51. Ra4 f6
52. Ra6 Kg5 53. Ra1 Rh7 54. e4 Re7 55. Rg1+ Kh6 56. Kf4 Rg7 57. Rxg7 Kxg7 58.
e5 fxe5+ 59. Kxe5 1/2-1/2